| 000 | 01695cam a2200469 i 4500 | ||
|---|---|---|---|
| 999 |
_c846 _d846 |
||
| 001 | 19893059 | ||
| 003 | GZU | ||
| 005 | 20201030093936.0 | ||
| 008 | 170814s2017 sg b 001 0 eng d | ||
| 010 | _a 2017321113 | ||
| 020 | _a9782869787124 | ||
| 020 | _a286978712X | ||
| 035 | _a(OCoLC)ocn995332689 | ||
| 040 |
_aYDX _beng _cYDX _erda _dNUI _dCUY _dOCLCF _dDLC |
||
| 042 |
_alccopycat _alcode |
||
| 043 | _af------ | ||
| 050 | 0 | 0 |
_aHQ18.A35 _bRES 2017 |
| 245 | 0 | 0 |
_aResearch on gender and sexualities in Africa / _cedited by Jane Bennett, Sylvia Tamale. |
| 264 | 1 |
_aDakar : _bCodesria, Council for the Development of Social Science Research in Africa, _c[2017] |
|
| 300 |
_axv, 211 pages ; _c23 cm. |
||
| 336 |
_atext _btxt _2rdacontent |
||
| 337 |
_aunmediated _bn _2rdamedia |
||
| 338 |
_avolume _bnc _2rdacarrier |
||
| 490 | 0 | _aCODESRIA book series | |
| 500 | _aIncludes bibliographical references and index. | ||
| 504 | _aIncludes bibliographical references and index. | ||
| 650 | 0 |
_aSex _zAfrica. |
|
| 650 | 0 |
_aSex customs _zAfrica. |
|
| 650 | 0 |
_aGender identity _zAfrica. |
|
| 650 | 0 |
_aSexology _xResearch _zAfrica. |
|
| 650 | 7 |
_aGender identity. _2fast _0(OCoLC)fst00939593 |
|
| 650 | 7 |
_aSex. _2fast _0(OCoLC)fst01114160 |
|
| 650 | 7 |
_aSex customs. _2fast _0(OCoLC)fst01114306 |
|
| 650 | 7 |
_aSexology _xResearch. _2fast _0(OCoLC)fst01114745 |
|
| 651 | 7 |
_aAfrica. _2fast _0(OCoLC)fst01239509 |
|
| 700 | 1 |
_aBennett, Jane _q(Jane M.), _d1958- _eeditor. |
|
| 700 | 1 |
_aTamale, Sylvia, _eeditor. |
|
| 906 |
_a7 _bcbc _ccopycat _d3 _encip _f20 _gy-gencatlg |
||
| 942 |
_2lcc _cBK _h18.A35 _iRES _kHQ |
||